000 00438nam a2200157 a 4500
001 000017471
005 20200929165126.0
008 100325s1939 dr 000 0 spa d
040 _aDO-SdBNP
_bspa
_cBNPHU
082 _axxx
_bH519u
100 1 _aHenriquez Castillo, Luis
_919632
245 1 4 _aUna carcajada /
_cLuis Henriquez Castillo.
260 _a[Santo Domingo] :
_bLa opinión,
_c1939.
300 _a201 p. ;
_c20 cm.
049 _aBNPD
999 _c16996
_d16996